تراشیدہ نیلم ؛ حجاب امتیاز علی کیمضامین کا مجموعہ اور اپنی تحریر / (Record no. 106089)

MARC details
000 -LEADER
fixed length control field 00978nam a22002537a 4500
005 - DATE AND TIME OF LATEST TRANSACTION
control field 20170123162302.0
010 ## - LIBRARY OF CONGRESS CONTROL NUMBER
LC control number B-209241
020 ## - INTERNATIONAL STANDARD BOOK NUMBER
Terms of availability 230.00
035 ## - SYSTEM CONTROL NUMBER
System control number B-209241
037 ## - SOURCE OF ACQUISITION
Source of stock number/acquisition Cen Lib/Ret
040 ## - CATALOGING SOURCE
Original cataloging agency DPL
Language of cataloging UR
082 ## - DEWEY DECIMAL CLASSIFICATION NUMBER
Classification number 844
Item number م ج ی
100 ## - MAIN ENTRY--PERSONAL NAME
Personal name مجیب احمد خان
9 (RLIN) 107725
245 ## - TITLE STATEMENT
Title تراشیدہ نیلم ؛ حجاب امتیاز علی کیمضامین کا مجموعہ اور اپنی تحریر /
Statement of responsibility, etc مجیب احمد خان
246 ## - VARYING FORM OF TITLE
Title proper/short title Trasheeda neelam ; collection of essays and other writting of Hijab Imtiaz Ali /
Remainder of title by Mujeeb Ahmad Khan
260 ## - PUBLICATION, DISTRIBUTION, ETC. (IMPRINT)
Place of publication, distribution, etc دیلھی
Name of publisher, distributor, etc ایجوکیشنلپبلیکشن ہاؤس
Date of publication, distribution, etc 2006
270 ## - ADDRESS
Address کوچ پنڈت لال کوان
City دیلھی
Postal code 110006
300 ## - PHYSICAL DESCRIPTION
Extent 230p.
Dimensions 21cm(Hb)
650 ## - SUBJECT ADDED ENTRY--TOPICAL TERM
Topical term or geographic name as entry element ادب - اردو
9 (RLIN) 107726
650 ## - SUBJECT ADDED ENTRY--TOPICAL TERM
Topical term or geographic name as entry element اردو مضامین
9 (RLIN) 107727
650 ## - SUBJECT ADDED ENTRY--TOPICAL TERM
Topical term or geographic name as entry element Literature -- urdu
9 (RLIN) 107728
650 ## - SUBJECT ADDED ENTRY--TOPICAL TERM
Topical term or geographic name as entry element Urdu essays
9 (RLIN) 528
942 ## - ADDED ENTRY ELEMENTS (KOHA)
Source of classification or shelving scheme Dewey Decimal Classification
Koha item type Urdu Bks
Classification part 844
Call number suffix م ج ی
Holdings
Withdrawn status Lost status Damaged status Not for loan Home library Current library Date acquired Source of acquisition Cost, normal purchase price Total Checkouts Full call number Barcode Date last seen Copy number Cost, replacement price Price effective from Koha item type
        Central Library Central Library 14/12/2015 Cen Lib/Ret 230.00   844 م ج ی B-209241 14/12/2015 1 230.00 14/12/2015 Urdu Bks

© Delhi Public Library
Hit Counter
free hit counter